00366 a2200133 4500020001800000040001300018082001200031100002100043245006500064260003200129300001100161650004000172700002000212 a9781405188401 aDLCbDLC a181.112 aRainey, Lee Dian aConfucius and Confucianism : the essentialscLee Dian Rainey aUKbWiley- Blackwellc2010. a262 p. aPhilosophy, Confucian--Confucianism aLee Dian Rainey